| 000 | 00606nam a22001937a 4500 | ||
|---|---|---|---|
| 005 | 20241129152309.0 | ||
| 010 | _aENG-142727 | ||
| 020 |
_a9789354427275 _c1525.00 |
||
| 035 | _aEN-126259 | ||
| 037 | _bDBAD | ||
| 082 |
_a934 _21 |
||
| 100 |
_aMachado, Alan _974430 |
||
| 245 |
_aDiscovering India Anew: _bOut of Africa to Its Early History/ _cby Alan Machado |
||
| 250 | _a1 | ||
| 260 |
_aTelangana _bOrient Black Swan _c2024 |
||
| 270 |
_a3-6-752 Himayatnagar, Hyderbad _bTelangana _e500029 _minfo@orientblackswan.com |
||
| 300 |
_axx,334p. _c22cm(pb) |
||
| 942 |
_2ddc _cEN _mMAC _h934 |
||
| 999 |
_c207264 _d207264 |
||